000 00768na a2200253 4500
001 20181
003 MIRAKIL
005 20181213155234.0
008 170106b tu 000 0
022 _a1303362X
035 _a20181
040 _aMilas
_btur
_cTR-AnCHP
041 _atur
082 _a343.0721
_bİ45 2003
090 _a343.0721 İ45 2003
245 _a2002 yılında resmi gazete'de yayınlanan Rekabet Kurulu kararları
_cRekabet Kurumu
260 _aAnkara
_bRekabet Kurumu
_c2003
300 _a1 c., 452 s.
_c24 sm.
500 _aKütüphanemizde 1. cilt bulunmaktadır.
610 _aRekabet Kurumu
_xSüreli yayınlar
650 _aRekabet hukuku
_xKurul kararları, 2002
_ySüreli yayınlar
710 _aRekabet Kurumu
942 _2dcc
_cBKS
999 _c9089
_d9089